A Ilha do rei do Sono (Registo nº 3868)

Detalhes MARC
000 -Etiqueta do registo
Cabeçalho 00531cam a2200205 i 4500
005 - Identificador da versão
Campo de controlo 20240813122046.0
100 ## - Dados gerais de processamento
Dados gerais de processamento 20101020d1977 d y0pory5003 ba
102 ## - Pais de publicação ou produção
País de publicação Portugal
101 0# - Língua de publicação
Língua do texto, banda sonora, etc. Português
215 ## - Descrição física 
Indicação específica da natureza do documento e extensão da espécie 92 p.
200 1# - Titulo e menção de responsabilidade
Título próprio A Ilha do rei do Sono
Primeira menção de responsabilidade Norberto Ávila
Outras menções de responsabilidade il. Teresa Dias Coelho
225 1# - Colecção 
Título próprio da colecção Plátano de Abril
Indicação de volume 4
205 ## - Menção da edição
Menção da edição 1ª ed.
210 ## - Publicação, Distribuição, etc. 
Lugar da edição, distribuição, etc. Lisboa
Nome do editor, distribuidor, etc. Plátano Editora
Data da publicação, distribuição, etc. 1977
701 #1 - Nome de autor-pessoa física (co-responsabilidade principal)
Palavra de ordem Coelho
Outra parte do nome não tomada para palavra de ordem Teresa Dias
Código de função Técnico gráfico / Colorista / Desenhador gráfico / Designer / Impressor de fotografias / Técnico de desenho computorizado
700 #1 - Nome de autor-pessoa física (responsabilidade principal)
Número de registo de entrada de autoridade 0000321
Palavra de ordem Ávila
Outra parte do nome não tomada para palavra de ordem Norberto
942 ## - Elementos de entrada adicionados (Koha)
Tipo de item no Koha Livro
Exemplares
Situação do levantamento Origin of item (home branch) (coded) Biblioteca de empréstimo Código de barras Cota Circulation type (not for loan) Tipo de documento Nota do exemplar Damaged status
  Biblioteca Escolar das Vendas Biblioteca Escolar das Vendas BEV211 8POR AVI   Livro Sem mensagem